000 00277nam a22001217a 4500
008 181218b xxu||||| |||| 00| 0 eng d
041 _aeng
080 _a510
100 _a37
101 _aMAT
245 _aPre Algebra An Accelerated Course
_cMilfin.H
942 _2udc
_cBK
999 _c53353
_d53353